Pakej teknologi mangga

Bibliographic Details
Corporate Author: Malaysia. Jabatan Pertanian
Format: Book
Language:Malay
Published: Kuala Lumpur : Jabatan Pertanian Malaysia , 2000
Subjects:

MARC

LEADER 00000cam a2200000 7i4500
001 0000027115
005 20170106.0
008 161207 my may
020 |a 9830470741 
040 |a INS 
090 0 0 |a SB379.M2   |b P35 2000 
245 0 0 |a Pakej teknologi mangga 
260 |a Kuala Lumpur :   |b Jabatan Pertanian Malaysia ,   |c 2000 
300 |a 31ms ;   |c 30cm. 
504 |a Bibliografi (p. 29) 
650 0 |a Mango   |z Malaysia 
710 1 |a Malaysia. Jabatan Pertanian 
999 |a 0000023871   |b BOOK   |c Open Shelf   |e Default branch